Route 66 states - Statistics

General Stats
  • This quiz has been taken 57 times
  • The average score is 7 of 8
Answer Stats
State % Correct
Illinois
96%
Arizona
94%
California
94%
Missouri
92%
New Mexico
92%
Oklahoma
90%
Texas
90%
Kansas
86%
No matching quizzes found
Score Distribution
Percent of People with Each Score
Percentile by Number Answered
Your Score History
You have not taken this quiz